|
|
|
|
| LEADER |
01862nam a2200421 i 4500 |
| 001 |
EBC4774705 |
| 003 |
MiAaPQ |
| 005 |
20200520144314.0 |
| 006 |
m o d | |
| 007 |
cr cnu|||||||| |
| 008 |
170111t20152015xr a ob 001 0 cze d |
| 020 |
|
|
|z 9788024631516
|
| 020 |
|
|
|a 9788024631929
|q (electronic bk.)
|
| 035 |
|
|
|a (MiAaPQ)EBC4774705
|
| 035 |
|
|
|a (Au-PeEL)EBL4774705
|
| 035 |
|
|
|a (CaPaEBR)ebr11321625
|
| 035 |
|
|
|a (OCoLC)967878161
|
| 040 |
|
|
|a MiAaPQ
|b eng
|e rda
|e pn
|c MiAaPQ
|d MiAaPQ
|
| 043 |
|
|
|a e-ie---
|
| 050 |
|
4 |
|a DA966
|b .S567 2016
|
| 082 |
0 |
|
|a 941.5
|2 23
|
| 100 |
1 |
|
|a Slosarcik, Ivo,
|e author.
|
| 245 |
1 |
0 |
|a Irsko a krize :
|b Politika a ekonomika Irske republiky v letech 2008-2014 a jejich evropske souvislosti /
|c Ivo Slosarcik.
|
| 264 |
|
1 |
|a [Prague, Czech Republic] :
|b Karolinum,
|c 2015.
|
| 264 |
|
4 |
|c 2015
|
| 300 |
|
|
|a 1 online resource (136 pages) :
|b illustrations, tables
|
| 336 |
|
|
|a text
|2 rdacontent
|
| 337 |
|
|
|a computer
|2 rdamedia
|
| 338 |
|
|
|a online resource
|2 rdacarrier
|
| 504 |
|
|
|a Includes bibliographical references and index.
|
| 588 |
|
|
|a Description based on online resource; title from PDF cover (ebrary, viewed January 11, 2017).
|
| 590 |
|
|
|a Electronic reproduction. Ann Arbor, MI : ProQuest, 2016. Available via World Wide Web. Access may be limited to ProQuest affiliated libraries.
|
| 651 |
|
0 |
|a Ireland
|x Politics and government
|y 21st century.
|
| 651 |
|
0 |
|a Ireland
|x Economic conditions
|y 21st century.
|
| 655 |
|
4 |
|a Electronic books.
|
| 776 |
0 |
8 |
|i Print version:
|a Slosarcik, Ivo.
|t Irsko a krize : Politika a ekonomika Irske republiky v letech 2008-2014 a jejich evropske souvislosti.
|d [Prague, Czech Republic] : Karolinum, c2015
|h 136 pages
|z 9788024631516
|
| 797 |
2 |
|
|a ProQuest (Firm)
|
| 856 |
4 |
0 |
|u https://ebookcentral.proquest.com/lib/matrademy/detail.action?docID=4774705
|z Click to View
|